US National Parks on a Map Quiz Stats

Quiz Updated Feb 18, 2017

Challenge
Share
Tweet
Score 0/60 Timer 12:00
21 Plays Today
% Correct
Yellowstone
90.4%
Yosemite
80.4%
Everglades
79.7%
Grand Canyon
76.9%
Glacier
67.4%
Denali
65.4%
Acadia
62.9%
Badlands
61.1%
Zion
59.8%
Death Valley
58.9%
Arches
58.6%
Great Smoky Mountains
58.1%
Redwood
58%
Rocky Mountain
57.3%
Grand Teton
56.7%
Olympic
53.3%
Bryce Canyon
52.5%
Joshua Tree
51%
Sequoia
50.9%
Big Bend
50.7%
Crater Lake
50.3%
Hawai'i Volcanoes
48.4%
Shenandoah
47.5%
Hot Springs
45.4%
Mammoth Cave
45.4%
Mount Rainier
44.2%
Theodore Roosevelt
40.5%
Canyonlands
40.2%
Carlsbad Caverns
38.9%
Isle Royale
38%
% Correct
Dry Tortugas
37%
Petrified Forest
36.7%
Channel Islands
36.6%
Mesa Verde
36.3%
Kings Canyon
34.8%
North Cascades
33.6%
Voyageurs
32.8%
Cuyahoga Valley
32.7%
Gates of the Arctic
32.2%
Biscayne
31.7%
Saguaro
31.6%
Virgin Islands
31.4%
Glacier Bay
31.3%
Capitol Reef
31%
Great Sand Dunes
30.7%
Wind Cave
30.6%
Black Canyon of the Gunnison
30.4%
American Samoa
30.3%
Lassen Volcanic
28.7%
Great Basin
28.5%
Congaree
27.9%
Wrangell - St Elias
27.9%
Guadalupe Mountains
26.6%
Kenai Fjords
26.6%
Haleakala
25.7%
Pinnacles
25.7%
Katmai
25.2%
Gateway Arch
24.6%
Lake Clark
22.9%
Kobuk Valley
20.5%

You're not logged in!

Compare scores with friends on all Sporcle quizzes.
Join for Free
OR
Log In

You Might Also Like...

Show Comments

Extras

Top Quizzes Today


Score Distribution

Your Account Isn't Verified!

In order to create a playlist on Sporcle, you need to verify the email address you used during registration. Go to your Sporcle Settings to finish the process.

Report this User

Report this user for behavior that violates our Community Guidelines.

Details: